01014nam a2200277 i 4500001000700000003000900007005001700016007000300033008004100036020001500077040003000092082002100122245010700143264003600250300002800286336002600314337003300340338002800373490002900401500002100430500007300451504004100524650005900565650005700624700005500681000015DO-SdBNP20250410132837.0ta100222s1985 dr 001 0 spa d a8484001318 aDO-SdBNPbspacBNPHUerda 4a341.5bD637c22200aDocumentos del conflicto domínico-haitiano de 1937 /crecopilación y notas José Rafael Cuello H. aSanto Domingo :bTaller,c1985. a606 páginas ;c27 cm. 2rdacontenatextobtxt 2rdamediaasin mediaciónbn 2rdacarrieravolumenbnc0 aBiblioteca Taller ;v175 aIncluye índice aIncluye referencias bibliográficas y notas al pie de las páginas aIncluye bibliografía (p. 567 -591) aConflicto entre República Dominicana y Haití, 1937 aRepública DominicanaxEmigración e Inmigración1 aCuello H., José Israel, erecopilación y notas